Normal view
MARC view
- R. Krishnan
Entry Personal Name
001 - CONTROL NUMBER
- control field: 124891
003 - CONTROL NUMBER IDENTIFIER
- control field: NUST
005 - DATE AND TIME OF LATEST TRANSACTION
- control field: 20240730141644.0
008 - FIXED-LENGTH DATA ELEMENTS
- fixed length control field: 240730|| aca||aabn | a|a d
040 ## - CATALOGING SOURCE
- Original cataloging agency: NUST
- Transcribing agency: NUST
100 ## - HEADING--PERSONAL NAME
- Personal name: R. Krishnan
670 ## - SOURCE DATA FOUND
- Source citation: Work cat.: (NUST): R. Krishnan , Electric motor drives modeling, analysis, and control , 2003.
